• 首页
  • 本馆介绍
  • 公告通知
  • 最新文献
  • 馆藏检索
  • 电子资源
  • 读者导购
  • 参考咨询
  • 我的图书馆
  • 登录
  • 详细信息显示
  • 放入我的书架
  • 预约/预借图书
  • 作者相关作品
  • 分类相关作品
  • 丛书相关作品
  • 出版社相关作品

书目信息

  • 表格格式
  • 工作单格式
  • 卡片格式
题名:
秦早期文明追迹
    
 
作者: 陶兴华 著
分册:  
出版信息: 兰州   甘肃教育出版社  2016
页数: 275页
开本: 24cm
丛书名: 华夏文明之源·历史文化丛书
单 册:
中图分类: K233.03
科图分类:
主题词: 文化史--wen hua shi--中国--秦代--史料
电子资源:
ISBN: 978-7-5423-4000-9
000 01109nam0 22002651 450
001 1731253822
005 20170602161230.0
010    @a978-7-5423-4000-9@dCNY48.00
100    @a20161109d2016 em y0chiy50 ea
101 0  @achi
102    @aCN@b620000
105    @aab z 000yy
106    @ar
200 1  @a秦早期文明追迹@Aqin zao qi wen ming zhui ji@f陶兴华著
210    @a兰州@c甘肃教育出版社@d2016
215    @a275页@c图,地图@d24cm
225 2  @a华夏文明之源·历史文化丛书@Ahua xia wen ming zhi yuan li shi wen hua cong shu
300    @a西北师范大学青年教师科研能力提升计划项目 (骨干项目): “华夏文明视野下的周秦关陇文化研究”
330    @a本书利用相关史料、文物、遗址等,介绍了早期秦人在甘肃活动的史实及秦人早期文化的基本情况;稿件以翔实的史料说明秦早期文化随着统一进程的完成而汇入华夏文化的汪洋大海,为华夏文化注入了富有活力与创造性的新鲜血液。
461  0 @12001 @a华夏文明之源·历史文化丛书
606 0  @a文化史@Awen hua shi@y中国@z秦代@j史料
690    @aK233.03@v5
701  0 @a陶兴华@Atao xing hua@f(1979~)@4著
801  0 @aCN@bTANG WEI@c20170527
905    @b0970998-1002@dK233.03@e66@f5
    
    秦早期文明追迹/陶兴华著.-兰州:甘肃教育出版社,2016
    275页:图,地图;24cm.-(华夏文明之源·历史文化丛书)
    西北师范大学青年教师科研能力提升计划项目 (骨干项目): “华夏文明视野下的周秦关陇文化研究”
    
    ISBN 978-7-5423-4000-9:CNY48.00
    本书利用相关史料、文物、遗址等,介绍了早期秦人在甘肃活动的史实及秦人早期文化的基本情况;稿件以翔实的史料说明秦早期文化随着统一进程的完成而汇入华夏文化的汪洋大海,为华夏文化注入了富有活力与创造性的新鲜血液。
●
相关链接 在E读中查询图书 在五车中查询图书 在当当中查询图书 在豆瓣中查询图书


正题名:秦早期文明追迹     索取号:K233.03/66         预约/预借

序号 登录号 条形码 馆藏地/架位号 状态 备注
1 0970998   209709984   第二样本阅览室/ [索取号:K233.03/66] 在馆    
2 0970999   209709993   第二借阅区/ [索取号:K233.03/66] 在馆    
3 0971000   209710008   第二借阅区/ [索取号:K233.03/66] 在馆    
4 0971001   209710017   第二借阅区/ [索取号:K233.03/66] 在馆    
5 0971002   209710026   第二借阅区/ [索取号:K233.03/66] 在馆    
唐山师范学院图书馆 欢迎您!
大连网信软件有限公司© 版权所有